[Event "Stay Safe Play From Home 329"]
[Site "Mustafa Kemal Atatürk"]
[Date "2020.07.24"]
[Round "3"]
[White "Stefanone"]
[Black "Trotsky"]
[Result "1-0"]
[WhiteElo "2052"]
[BlackElo "1651"]
[Annotator "NA"]
[PlyCount "53"]
[EventDate "2020.07.24"]
[EventType "swiss (blitz)"]

1. d4 {[%emt 0:00:01]} d5 {[%emt 0:00:01]} 2. c4 {[%emt 0:00:01]} e6 {[%emt 0:00:00]} 3. cxd5 {[%emt 0:00:00]} exd5 {[%emt 0:00:01]} 4. Nc3 {[%emt 0:00:00]} c5 {[%emt 0:00:01]} 5. Bf4 {[%emt 0:00:01]} Nc6 {[%emt 0:00:01]} 6. e3 {[%emt 0:00:01]} c4 {[%emt 0:00:01]} 7. Nf3 {[%emt 0:00:01]} a6 {[%emt 0:00:00]} 8. Be2 {[%emt 0:00:01]} Bd6 {[%emt 0:00:01]} 9. a3 {[%emt 0:00:01]} Qc7 {[%emt 0:00:01]} 10. Bxd6 {[%emt 0:00:02]} Qxd6 {[%emt 0:00:01]} 11. Qd2 {[%emt 0:00:01]} Be6 {[%emt 0:00:01]} 12. e4 {[%emt 0:00:01]} f6 {[%emt 0:00:02]} 13. exd5 {[%emt 0:00:01]} O-O-O {[%emt 0:00:02]} 14. dxc6 {[%emt 0:00:01]} h5 {[%emt 0:00:04]} 15. O-O-O {[%emt 0:00:01]} Qc7 {[%emt 0:00:02]} 16. cxb7+ {[%emt 0:00:01]} Kb8 {[%emt 0:00:01]} 17. d5 {[%emt 0:00:01]} Bd7 {[%emt 0:00:01]} 18. Qd4 {[%emt 0:00:02]} Qxb7 {[%emt 0:00:05]} 19. Qxc4 {[%emt 0:00:01]} Rc8 {[%emt 0:00:01]} 20. Qxa6 {[%emt 0:00:01]} Qc7 {[%emt 0:00:01]} 21. d6 {[%emt 0:00:04]} Qc5 {[%emt 0:00:03]} 22. Nd4 {[%emt 0:00:06]} Nh6 {[%emt 0:00:02]} 23. Ndb5 {[%emt 0:00:02]} Nf5 {[%emt 0:00:04]} 24. Rd5 {[%emt 0:00:01]} Bxb5 {[%emt 0:00:10]} 25. Rxc5 {[%emt 0:00:02]} Bxa6 {[%emt 0:00:01]} 26. Bxa6 {[%emt 0:00:01]} Rhg8 {[%emt 0:00:01]} 27. Bxc8 {[%emt 0:00:01] Trotsky Ñäàåòñÿ (Lag: Av=0.23s, max=0.3s)} 1-0

[Event "Stay Safe Play From Home 329"]
[Site "Mustafa Kemal Atatürk"]
[Date "2020.07.24"]
[Round "3"]
[White "Schachwerk_64"]
[Black "Haxhi Baha"]
[Result "0-1"]
[WhiteElo "1903"]
[BlackElo "2068"]
[Annotator "NA"]
[PlyCount "68"]
[EventDate "2020.07.24"]
[EventType "swiss (blitz)"]

1. e4 {[%emt 0:00:01]} e6 {[%emt 0:00:01]} 2. d3 {[%emt 0:00:00]} d5 {[%emt 0:00:00]} 3. Nd2 {[%emt 0:00:00]} dxe4 {[%emt 0:00:00]} 4. dxe4 {[%emt 0:00:00]} c5 {[%emt 0:00:00]} 5. g3 {[%emt 0:00:00]} Nc6 {[%emt 0:00:00]} 6. Bg2 {[%emt 0:00:00]} b6 {[%emt 0:00:01]} 7. Ngf3 {[%emt 0:00:00]} Bb7 {[%emt 0:00:00]} 8. O-O {[%emt 0:00:00]} Nf6 {[%emt 0:00:00]} 9. e5 {[%emt 0:00:01]} Nd7 {[%emt 0:00:01]} 10. Re1 {[%emt 0:00:00]} Be7 {[%emt 0:00:01]} 11. Qe2 {[%emt 0:00:01]} Qc7 {[%emt 0:00:02]} 12. h4 {[%emt 0:00:01]} a6 {[%emt 0:00:02]} 13. Nf1 {[%emt 0:00:01]} b5 {[%emt 0:00:01]} 14. N1h2 {[%emt 0:00:01]} h6 {[%emt 0:00:02]} 15. a4 {[%emt 0:00:02]} b4 {[%emt 0:00:01]} 16. Bf4 {[%emt 0:00:02]} O-O-O {[%emt 0:00:02]} 17. c3 {[%emt 0:00:03]} b3 {[%emt 0:00:03]} 18. c4 {[%emt 0:00:00]} Nb4 {[%emt 0:00:02]} 19. Ra3 {[%emt 0:00:01]} Nc2 {[%emt 0:00:01]} 20. Rc1 {[%emt 0:00:02]} Nxa3 {[%emt 0:00:01]} 21. bxa3 {[%emt 0:00:00]} Qa5 {[%emt 0:00:03]} 22. Rb1 {[%emt 0:00:07]} Qxa4 {[%emt 0:00:01]} 23. Nd2 {[%emt 0:00:01]} Bxg2 {[%emt 0:00:02]} 24. Kxg2 {[%emt 0:00:00]} Nb6 {[%emt 0:00:00]} 25. Rxb3 {[%emt 0:00:01]} Rxd2 {[%emt 0:00:07]} 26. Qxd2 {[%emt 0:00:01]} Qxb3 {[%emt 0:00:01]} 27. Qa5 {[%emt 0:00:00]} Kb7 {[%emt 0:00:06]} 28. Be3 {[%emt 0:00:01]} Nxc4 {[%emt 0:00:02]} 29. Qe1 {[%emt 0:00:04]} Nxe3+ {[%emt 0:00:01]} 30. fxe3 {[%emt 0:00:01]} Rd8 {[%emt 0:00:03]} 31. Nf3 {[%emt 0:00:01]} Qc2+ {[%emt 0:00:02]} 32. Kh3 {[%emt 0:00:01]} Rd1 {[%emt 0:00:01]} 33. Qa5 {[%emt 0:00:02]} Rh1+ {[%emt 0:00:02]} 34. Kg4 {[%emt 0:00:01]} Qf5# {[%emt 0:00:01] (Lag: Av=0.85s, max=1.5s)} 0-1

[Event "Stay Safe Play From Home 329"]
[Site "Mustafa Kemal Atatürk"]
[Date "2020.07.24"]
[Round "3"]
[White "NeatFox"]
[Black "Edmatuag"]
[Result "1-0"]
[WhiteElo "1840"]
[BlackElo "1615"]
[Annotator "NA"]
[PlyCount "79"]
[EventDate "2020.07.24"]
[EventType "swiss (blitz)"]

1. g4 {[%emt 0:00:03]} d6 {[%emt 0:00:01]} 2. Bg2 {[%emt 0:00:00]} c6 {[%emt 0:00:01]} 3. c4 {[%emt 0:00:00]} e5 {[%emt 0:00:01]} 4. Qb3 {[%emt 0:00:00]} Be6 {[%emt 0:00:01]} 5. Qxb7 {[%emt 0:00:01]} Nd7 {[%emt 0:00:04]} 6. Qxc6 {[%emt 0:00:02]} Rc8 {[%emt 0:00:01]} 7. Qb7 {[%emt 0:00:00]} Rxc4 {[%emt 0:00:02]} 8. Nc3 {[%emt 0:00:00]} d5 {[%emt 0:00:02]} 9. h3 {[%emt 0:00:02]} Bb4 {[%emt 0:00:07]} 10. Nxd5 {[%emt 0:00:01]} Bxd5 {[%emt 0:00:02]} 11. Bxd5 {[%emt 0:00:00]} Qc7 {[%emt 0:00:02]} 12. Qa8+ {[%emt 0:00:05]} Ke7 {[%emt 0:00:03]} 13. Bxc4 {[%emt 0:00:01]} Qxc4 {[%emt 0:00:02]} 14. Nf3 {[%emt 0:00:02]} f6 {[%emt 0:00:07]} 15. a3 {[%emt 0:00:02]} Bd6 {[%emt 0:00:02]} 16. b4 {[%emt 0:00:01]} Bb8 {[%emt 0:00:01]} 17. Qb7 {[%emt 0:00:03]} Nh6 {[%emt 0:00:02]} 18. Bb2 {[%emt 0:00:02]} Nf7 {[%emt 0:00:01]} 19. Rc1 {[%emt 0:00:01]} Qe6 {[%emt 0:00:01]} 20. Rc8 {[%emt 0:00:02]} Nd6 {[%emt 0:00:02]} 21. Qa6 {[%emt 0:00:04]} Nxc8 {[%emt 0:00:01]} 22. Qxe6+ {[%emt 0:00:01]} Kxe6 {[%emt 0:00:01]} 23. O-O {[%emt 0:00:00]} Nd6 {[%emt 0:00:01]} 24. Rc1 {[%emt 0:00:01]} Rc8 {[%emt 0:00:01]} 25. Rxc8 {[%emt 0:00:01]} Nxc8 {[%emt 0:00:00]} 26. d3 {[%emt 0:00:00]} Nd6 {[%emt 0:00:00]} 27. Nd2 {[%emt 0:00:01]} e4 {[%emt 0:00:00]} 28. Nxe4 {[%emt 0:00:02]} Nxe4 {[%emt 0:00:01]} 29. dxe4 {[%emt 0:00:00]} Ne5 {[%emt 0:00:01]} 30. f3 {[%emt 0:00:00]} Nc4 {[%emt 0:00:01]} 31. Bc1 {[%emt 0:00:01]} Be5 {[%emt 0:00:00]} 32. Kf2 {[%emt 0:00:01]} Bd4+ {[%emt 0:00:01]} 33. e3 {[%emt 0:00:00]} Bb2 {[%emt 0:00:01]} 34. Ke2 {[%emt 0:00:01]} Bxc1 {[%emt 0:00:01]} 35. Kd3 {[%emt 0:00:00]} Bxa3 {[%emt 0:00:01]} 36. b5 {[%emt 0:00:00]} Bc1 {[%emt 0:00:00]} 37. Kxc4 {[%emt 0:00:00]} Kd6 {[%emt 0:00:01]} 38. Kd3 {[%emt 0:00:00]} Ke5 {[%emt 0:00:01]} 39. f4+ {[%emt 0:00:01]} Kd6 {[%emt 0:00:02]} 40. e5+ {[%emt 0:00:00] Time (Lag: Av=0.52s, max=1.1s)} 1-0

[Event "Stay Safe Play From Home 329"]
[Site "Mustafa Kemal Atatürk"]
[Date "2020.07.24"]
[Round "3"]
[White "Padmaesh M K"]
[Black "Little champs"]
[Result "0-1"]
[WhiteElo "1718"]
[BlackElo "2322"]
[Annotator "TA"]
[PlyCount "116"]
[EventDate "2020.07.24"]
[EventType "swiss (blitz)"]

{[%evp 9,116,45,50,31,33,29,54,-8,94,83,168,53,155,158,168,145,166,161,159,163,153,91,85,86,97,74,154,166,161,176,241,223,206,189,186,186,186,193,193,177,200,142,153,15,187,185,171,171,178,178,176,157,202,187,204,192,192,177,177,165,192,191,290,292,259,198,198,156,262,217,199,42,43,42,42,0,0,0,0,-4,0,-12842,-12842,-12843,-12843,-12843,-12843,-12843,-12839,-12839,-12839,-12847,-12846,-29989,-12845,-12846,-12846,-29995,-29996,-29996,-29995,-29997,-29995,-29997,-29995,-29995,-29996,-29996,-29997]} 1. Nf3 c5 2. g3 d6 3. Bg2 Nc6 4. O-O e6 5. d4 Nf6 {[#]} 6. dxc5 $146 {A04: Unusual lines after 1 Nf3 and King's Indian Attack.} ({Predecessor:} 6. c4 g6 7. d5 Ne7 8. Nc3 e5 9. e4 Bg7 10. Ne1 O-O 11. Nd3 Rb8 12. f4 exf4 13. gxf4 {1-0 (30) Lang,M (2303)-Ott,M Sontheim 2010}) 6... d5 $1 7. c4 Bxc5 8. Nbd2 (8. a3 $14) 8... d4 (8... O-O $11) 9. Nb3 $16 Bb6 (9... Qb6 $16 {was necessary.}) 10. Bg5 (10. c5 $18) 10... h6 {[#]} (10... e5 $14) 11. Bxf6 $1 Qxf6 12. c5 Bc7 13. Nbxd4 O-O {Hoping for ...Rd8.} 14. Nxc6 bxc6 15. Qd4 (15. Qa4 $142 e5 16. Nd2) 15... e5 16. Qc3 Rb8 17. Nd2 Be6 ({Better is} 17... Qe6) 18. Bxc6 Bh3 19. Bg2 Be6 (19... Bxg2 $142 20. Kxg2 Qa6) 20. Ne4 Qe7 21. Rac1 f5 22. Nd6 Bxd6 23. cxd6 Qxd6 24. Rfd1 Qa6 25. b3 e4 26. e3 (26. Qe5 $16 Rbc8 27. Rxc8 Bxc8 28. Rd2) 26... Rbc8 $2 (26... Qxa2 $11 27. b4 Rbc8) 27. Qb2 $18 Rxc1 28. Rxc1 Rd8 29. Bf1 Qd6 30. Qc2 Qd2 31. Bc4 Bxc4 32. Qxc4+ {[%mdl 4096] Endgame KQR-KQR} ({Much less strong is} 32. bxc4 $6 Qxc2 33. Rxc2 Rd6 $14) 32... Kh7 33. Qc2 Qxc2 34. Rxc2 {KR-KR} Rd1+ 35. Kg2 Kg6 (35... Rd6 {was worth a try.} 36. Rc7 a6) 36. Rc7 a5 37. Ra7 Rd5 38. Ra6+ Kg5 (38... Kf7 $16 {is a better defense.} 39. Kf1 Rb5) 39. h4+ Kh5 40. Ra7 $2 (40. a4 $18) 40... g5 $1 $14 41. hxg5 hxg5 42. Rh7+ Kg4 43. Ra7 Rd2 44. Ra6 f4 45. Rxa5 $2 {[%mdl 8192]} (45. exf4 $11 gxf4 46. gxf4) 45... f3+ $19 46. Kh2 Rxf2+ 47. Kg1 Rg2+ 48. Kf1 Rxg3 49. Re5 Rg2 50. Rxe4+ Kg3 {[#] ( -> ...Rb2)} 51. Ke1 Rf2 (51... Rb2 $142 52. Re5 f2+ 53. Kf1 Rb1+ 54. Ke2 f1=Q+ 55. Kd2 Rc1 56. Rxg5+ Kh4 57. Rg1 Qxg1 58. Kd3 Qd1+ 59. Ke4 Rc5 60. b4 Qd5+ {[%mdl 64] Double Attack} 61. Kf4 Qf5#) 52. Rg4+ Kxg4 {KR-K3P} 53. e4 Re2+ {Black mates.} 54. Kf1 Rxe4 55. Kg1 Kf4 56. Kf1 g4 57. Kf2 g3+ 58. Kf1 Re2 {Black used his chance. Accuracy: White = 60%, Black = 55%.} 0-1

[Event "Stay Safe Play From Home 329"]
[Site "Mustafa Kemal Atatürk"]
[Date "2020.07.24"]
[Round "3"]
[White "New ton"]
[Black "W Nelles"]
[Result "0-1"]
[WhiteElo "1596"]
[BlackElo "1177"]
[Annotator "NA"]
[PlyCount "66"]
[EventDate "2020.07.24"]
[EventType "swiss (blitz)"]

1. e4 {[%emt 0:00:01]} e6 {[%emt 0:00:01]} 2. Nf3 {[%emt 0:00:01]} Nc6 {[%emt 0:00:01]} 3. d4 {[%emt 0:00:01]} Bb4+ {[%emt 0:00:01]} 4. c3 {[%emt 0:00:02]} Ba5 {[%emt 0:00:01]} 5. d5 {[%emt 0:00:03]} exd5 {[%emt 0:00:02]} 6. Qxd5 {[%emt 0:00:03]} Qe7 {[%emt 0:00:03]} 7. Bb5 {[%emt 0:00:03]} Nf6 {[%emt 0:00:02]} 8. Qf5 {[%emt 0:00:04]} a6 {[%emt 0:00:03]} 9. Ba4 {[%emt 0:00:04]} b5 {[%emt 0:00:02]} 10. Bb3 {[%emt 0:00:02]} Qxe4+ {[%emt 0:00:03]} 11. Qxe4+ {[%emt 0:00:03]} Nxe4 {[%emt 0:00:01]} 12. Bg5 {[%emt 0:00:02]} f6 {[%emt 0:00:01]} 13. Bf4 {[%emt 0:00:02]} g5 {[%emt 0:00:01]} 14. O-O {[%emt 0:00:01]} d6 {[%emt 0:00:01]} 15. Bg3 {[%emt 0:00:03]} h5 {[%emt 0:00:02]} 16. h4 {[%emt 0:00:02]} Nxg3 {[%emt 0:00:01]} 17. fxg3 {[%emt 0:00:02]} Bb6+ {[%emt 0:00:01]} 18. Nd4 {[%emt 0:00:02]} Nxd4 {[%emt 0:00:02]} 19. cxd4 {[%emt 0:00:01]} Bxd4+ {[%emt 0:00:01]} 20. Kh2 {[%emt 0:00:01]} Bxb2 {[%emt 0:00:01]} 21. Nd2 {[%emt 0:00:02]} Bxa1 {[%emt 0:00:02]} 22. Rxa1 {[%emt 0:00:02]} Bb7 {[%emt 0:00:01]} 23. Re1+ {[%emt 0:00:01]} Kd7 {[%emt 0:00:04]} 24. Nf3 {[%emt 0:00:00]} Rhe8 {[%emt 0:00:02]} 25. Nd4 {[%emt 0:00:00]} Rxe1 {[%emt 0:00:02]} 26. Nf5 {[%emt 0:00:02]} gxh4 {[%emt 0:00:02]} 27. Nh6 {[%emt 0:00:01]} hxg3+ {[%emt 0:00:02]} 28. Kxg3 {[%emt 0:00:02]} h4+ {[%emt 0:00:01]} 29. Kxh4 {[%emt 0:00:01]} Rh8 {[%emt 0:00:01]} 30. Kg3 {[%emt 0:00:00]} Rxh6 {[%emt 0:00:02]} 31. Kg4 {[%emt 0:00:00]} Rg6+ {[%emt 0:00:01]} 32. Kf5 {[%emt 0:00:01]} Rxg2 {[%emt 0:00:02]} 33. Kxf6 {[%emt 0:00:01]} Rf1# {[%emt 0:00:01] Mate} 0-1

[Event "Stay Safe Play From Home 329"]
[Site "Mustafa Kemal Atatürk"]
[Date "2020.07.24"]
[Round "3"]
[White "Mandy"]
[Black "Klasman"]
[Result "0-1"]
[WhiteElo "891"]
[BlackElo "1326"]
[Annotator "NA"]
[PlyCount "34"]
[EventDate "2020.07.24"]
[EventType "swiss (blitz)"]

1. d4 {[%emt 0:00:03]} f5 {[%emt 0:00:01]} 2. Bf4 {[%emt 0:00:01]} e6 {[%emt 0:00:02]} 3. e3 {[%emt 0:00:00]} c5 {[%emt 0:00:01]} 4. Nf3 {[%emt 0:00:01]} Qb6 {[%emt 0:00:01]} 5. b3 {[%emt 0:00:05]} Nc6 {[%emt 0:00:04]} 6. Nbd2 {[%emt 0:00:04]} cxd4 {[%emt 0:00:03]} 7. Nxd4 {[%emt 0:00:07]} Nxd4 {[%emt 0:00:01]} 8. exd4 {[%emt 0:00:02]} Qxd4 {[%emt 0:00:05]} 9. Rc1 {[%emt 0:00:05]} Qxf4 {[%emt 0:00:02]} 10. g3 {[%emt 0:00:06]} Qe5+ {[%emt 0:00:03]} 11. Qe2 {[%emt 0:00:07]} Qxe2+ {[%emt 0:00:05]} 12. Bxe2 {[%emt 0:00:02]} Ba3 {[%emt 0:00:02]} 13. Rd1 {[%emt 0:00:04]} Nf6 {[%emt 0:00:01]} 14. Nb1 {[%emt 0:00:02]} Bb4+ {[%emt 0:00:02]} 15. Kf1 {[%emt 0:00:03]} O-O {[%emt 0:00:02]} 16. Bc4 {[%emt 0:00:06]} d5 {[%emt 0:00:01]} 17. Bb5 {[%emt 0:00:02]} a6 {[%emt 0:00:01] Zeit (Lag: Av=0.50s, max=0.7s)} 0-1

[Event "Stay Safe Play From Home 329"]
[Site "Mustafa Kemal Atatürk"]
[Date "2020.07.24"]
[Round "4"]
[White "BrainThinker22"]
[Black "Mepe_Nika"]
[Result "0-1"]
[WhiteElo "2389"]
[BlackElo "2429"]
[Annotator "NA"]
[PlyCount "110"]
[EventDate "2020.07.24"]
[EventType "swiss (blitz)"]

1. e4 {[%emt 0:00:04]} c6 {[%emt 0:00:00]} 2. d4 {[%emt 0:00:05]} d5 {[%emt 0:00:00]} 3. exd5 {[%emt 0:00:00]} cxd5 {[%emt 0:00:01]} 4. c4 {[%emt 0:00:00]} Nf6 {[%emt 0:00:01]} 5. Nc3 {[%emt 0:00:01]} g6 {[%emt 0:00:01]} 6. Nf3 {[%emt 0:00:00]} Bg7 {[%emt 0:00:01]} 7. cxd5 {[%emt 0:00:00]} Nxd5 {[%emt 0:00:01]} 8. h3 {[%emt 0:00:00]} O-O {[%emt 0:00:01]} 9. Bd3 {[%emt 0:00:00]} Nc6 {[%emt 0:00:00]} 10. O-O {[%emt 0:00:01]} b6 {[%emt 0:00:01]} 11. Re1 {[%emt 0:00:00]} Nxc3 {[%emt 0:00:02]} 12. bxc3 {[%emt 0:00:01]} e6 {[%emt 0:00:00]} 13. Ba3 {[%emt 0:00:01]} Re8 {[%emt 0:00:01]} 14. Bb5 {[%emt 0:00:00]} Bb7 {[%emt 0:00:00]} 15. d5 {[%emt 0:00:01]} Qxd5 {[%emt 0:00:03]} 16. Qxd5 {[%emt 0:00:02]} exd5 {[%emt 0:00:00]} 17. Red1 {[%emt 0:00:02]} Bxc3 {[%emt 0:00:04]} 18. Rac1 {[%emt 0:00:01]} d4 {[%emt 0:00:01]} 19. Bxc6 {[%emt 0:00:02]} Bxc6 {[%emt 0:00:01]} 20. Nxd4 {[%emt 0:00:00]} Bxd4 {[%emt 0:00:01]} 21. Rxd4 {[%emt 0:00:00]} Rac8 {[%emt 0:00:03]} 22. Rdc4 {[%emt 0:00:01]} Bb7 {[%emt 0:00:01]} 23. Rxc8 {[%emt 0:00:01]} Rxc8 {[%emt 0:00:00]} 24. Rxc8+ {[%emt 0:00:02] BrainThinker22 offers a draw} Bxc8 {[%emt 0:00:00]} 25. Bd6 {[%emt 0:00:01]} f5 {[%emt 0:00:02]} 26. f4 {[%emt 0:00:01]} Kf7 {[%emt 0:00:01]} 27. a3 {[%emt 0:00:02]} Ke6 {[%emt 0:00:01]} 28. Bb8 {[%emt 0:00:01]} a6 {[%emt 0:00:00]} 29. Ba7 {[%emt 0:00:00]} b5 {[%emt 0:00:01]} 30. Bc5 {[%emt 0:00:01]} Kd5 {[%emt 0:00:01]} 31. Bb4 {[%emt 0:00:01]} Kc4 {[%emt 0:00:00]} 32. Kf2 {[%emt 0:00:02]} Kb3 {[%emt 0:00:01]} 33. Ke3 {[%emt 0:00:06]} a5 {[%emt 0:00:03]} 34. Bxa5 {[%emt 0:00:01]} Kxa3 {[%emt 0:00:00]} 35. Kd3 {[%emt 0:00:00]} b4 {[%emt 0:00:02]} 36. Bd8 {[%emt 0:00:02]} Bb7 {[%emt 0:00:06]} 37. g3 {[%emt 0:00:09]} b3 {[%emt 0:00:01]} 38. Be7+ {[%emt 0:00:01]} Ka2 {[%emt 0:00:01]} 39. Bf6 {[%emt 0:00:03]} b2 {[%emt 0:00:01]} 40. Bxb2 {[%emt 0:00:00]} Kxb2 {[%emt 0:00:00]} 41. h4 {[%emt 0:00:00]} Kc1 {[%emt 0:00:03]} 42. Kd4 {[%emt 0:00:00]} Kd2 {[%emt 0:00:01]} 43. Ke5 {[%emt 0:00:00]} Ke3 {[%emt 0:00:01]} 44. Kf6 {[%emt 0:00:00]} Kf3 {[%emt 0:00:00]} 45. Kg7 {[%emt 0:00:00]} Kxg3 {[%emt 0:00:00]} 46. h5 {[%emt 0:00:00]} gxh5 {[%emt 0:00:01]} 47. Kxh7 {[%emt 0:00:00]} Be4 {[%emt 0:00:01]} 48. Kg6 {[%emt 0:00:00]} h4 {[%emt 0:00:01]} 49. Kh5 {[%emt 0:00:01]} h3 {[%emt 0:00:01]} 50. Kg6 {[%emt 0:00:00]} Kxf4 {[%emt 0:00:01]} 51. Kf6 {[%emt 0:00:00]} h2 {[%emt 0:00:00]} 52. Ke6 {[%emt 0:00:00]} h1=Q {[%emt 0:00:00]} 53. Kf6 {[%emt 0:00:00]} Qh6+ {[%emt 0:00:01]} 54. Kf7 {[%emt 0:00:00]} Ke5 {[%emt 0:00:01]} 55. Ke7 {[%emt 0:00:00]} Qg7+ {[%emt 0:00:01] BrainThinker22 resigns (Lag: Av=0.48s, max=0.9s)} 0-1

[Event "Stay Safe Play From Home 329"]
[Site "Mustafa Kemal Atatürk"]
[Date "2020.07.24"]
[Round "4"]
[White "Little champs"]
[Black "NeatFox"]
[Result "1-0"]
[WhiteElo "2323"]
[BlackElo "1847"]
[Annotator "TA"]
[PlyCount "87"]
[EventDate "2020.07.24"]
[EventType "swiss (blitz)"]

{[%evp 9,86,43,37,39,34,6,14,7,30,-4,0,0,36,-16,-18,-22,-13,-29,0,0,10,0,44,0,-4,-19,-25,-14,407,418,453,458,445,454,550,547,576,533,530,529,521,517,974,966,1023,1019,1015,976,1074,1050,2553,1042,1347,1324,1220,1157,1353,1322,1539,1469,2291,2251,29989,2180,29991,29986,29993,29990,29990,29991,29994,29995,29995,29995,29996,29997,29998,29999,29999]} 1. d4 c6 2. e3 d5 3. Nf3 g6 4. Be2 Bg7 5. O-O Nf6 6. c4 {D02: 1 d4 d5 2 Nf3 sidelines, including 2...Nf6 3 g3 and 2...Nf6 3 Bf4.} O-O 7. cxd5 cxd5 8. Nc3 {The position is equal.} e6 9. Qb3 Nc6 10. Bd2 {[#]} Qb6 $146 ({Predecessor:} 10... Ne8 11. Rfc1 Nd6 12. Na4 Ne4 13. Nc5 Nxd2 14. Nxd2 Qe7 15. Bb5 e5 16. Bxc6 bxc6 {½-½ (31) Jussupow,A (2583)-Jakobsen,O (2381) Copenhagen 2003}) 11. Rac1 (11. Qxb6 $14 axb6 12. Rfd1) 11... Qxb3 $11 12. axb3 Bd7 13. Na4 b6 14. Bb5 Rac8 15. Rfd1 Ne7 16. Bxd7 (16. Ba6 $5 {[%cal Ra6c8]}) 16... Nxd7 17. Bb4 Rxc1 18. Rxc1 Re8 $2 {[%mdl 8192] [#] Black cannot hold the game after this.} (18... Rc8 $11 {and Black has nothing to worry.} 19. Nc3 Bf8) 19. Rc7 $1 $18 {[%csl LRa7,LRd7]} b5 20. Nc3 ({Not} 20. Rxd7 Nc6 $18) 20... a5 21. Bd6 ({Less strong is} 21. Rxd7 axb4 22. Nxb5 Nc6 $16) 21... Nf6 22. Bxe7 Rb8 23. Bxf6 Bxf6 24. Ne5 b4 25. Na4 Rf8 (25... Bxe5 $142 26. dxe5 h5) 26. Nd7 Kg7 27. Nxf8 Kxf8 28. Ra7 Bd8 29. Nc5 Kg7 30. Nb7 Bc7 31. Nxa5 Bb6 32. Ra6 Bc7 33. Nc6 e5 34. Nxe5 Bxe5 35. dxe5 {[%mdl 4096] Endgame KR-KP} f6 36. Rb6 (36. Rxf6 $142 g5 37. g4 h6 38. Kg2 h5 39. gxh5 g4 40. h6+ Kh7 41. e6) 36... Kh6 37. exf6 {White mates.} d4 38. exd4 {KR-K3P} g5 39. Rb7 g4 40. Rg7 g3 41. Rxg3 Kh5 42. f7 h6 43. f8=Q Kh4 44. Qxh6# {Accuracy: White = 70%, Black = 33%.} 1-0

[Event "Stay Safe Play From Home 329"]
[Site "Mustafa Kemal Atatürk"]
[Date "2020.07.24"]
[Round "4"]
[White "SoulofWolf"]
[Black "SelamiSahin"]
[Result "1-0"]
[WhiteElo "2150"]
[BlackElo "2153"]
[Annotator "TA"]
[PlyCount "115"]
[EventDate "2020.07.24"]
[EventType "swiss (blitz)"]

{[%evp 9,115,-19,-18,-23,19,-31,28,-29,-11,-13,1,-16,-17,-23,33,-40,21,-35,18,-20,51,-37,-38,-51,-48,-50,-39,-37,-26,-29,-29,-31,-24,-78,-29,-62,-57,-103,-72,-56,-55,-68,-21,-101,-48,-92,-55,-56,81,-53,0,-131,951,948,938,932,1122,1111,29978,1863,29980,29979,1303,1246,29984,3279,29985,1108,29986,29986,29987,29986,29986,29987,29988,29987,29987,29984,29989,29990,29990,29991,29991,29991,29991,29989,29993,29989,29990,29988,29993,29989,29990,29990,29992,29990,29990,29991,29992,29987,29988,29988,29992,29988,29988,29989,29990,29987]} 1. d4 Nf6 2. Nf3 g6 3. Bg5 Bg7 4. Bxf6 Bxf6 5. c3 O-O 6. Nbd2 {A48: 1 d4 Nf6 2 Nf3 g6: Torre, London and Colle Systems.} c5 7. e3 {[#]} Nc6 $146 ({Black should play} 7... d5 $15) ({Predecessor:} 7... cxd4 8. cxd4 d5 9. Be2 Nc6 10. O-O Bf5 11. Qb3 Rb8 12. Rac1 e5 13. dxe5 Nxe5 14. Nd4 Nc4 15. Nxc4 dxc4 16. Qxc4 Be4 17. Rfd1 Bd5 18. Qa4 Qb6 {0-1 (30) Oppermann,H (1587)-Kirmas,J (1853) Halberstadt 2015}) 8. Bb5 (8. Ne4 $142) 8... d6 9. O-O Qc7 10. h3 a6 11. Be2 b5 (11... e6 $11) 12. a3 (12. Ne4 $14) 12... Rb8 (12... e6 $15) 13. Rc1 (13. Ne4 $11) 13... a5 (13... e6 $15) 14. Re1 Bd7 (14... Bg7 $11) 15. d5 ({White should try} 15. Ne4 $14) 15... Ne5 $15 16. e4 Nxf3+ 17. Nxf3 b4 18. axb4 axb4 19. Qd2 bxc3 20. bxc3 Rb3 21. Rc2 (21. Bf1 $11) 21... Rfb8 22. Rec1 Qa5 23. g4 Rb1 {[#] Hoping for ...Ba4.} 24. Kg2 Rxc1 25. Qxc1 Rb3 {[%cal Rb3c3]} 26. c4 (26. e5 $1 $11 dxe5 27. Nd2) 26... Qb4 ({Better is} 26... Ra3 $17 27. Qd2 Qa7) 27. Qd2 Qa4 28. Ra2 Qb4 (28... Ra3 $15 {keeps the upper hand.} 29. Rxa3 Qxa3) 29. Qc2 (29. Ra8+ $16 Kg7 30. Qxb4 Rxb4 31. Ra7) 29... Kg7 (29... Rb2 $15 30. Ra8+ Kg7) 30. Bd1 (30. e5 $11 dxe5 31. g5) 30... h6 $2 {[%mdl 8192] [#] A mistake that costs the game.} (30... Rc3 $17 31. Qe2 Rxc4) 31. Qxb3 $18 Qxb3 32. Bxb3 h5 33. g5 Be5 34. Ra7 (34. Nxe5 $142 dxe5 35. Ra7 Be8 36. Rxe7 Kf8 37. Rc7 f5 38. gxf6 g5 39. d6) 34... Be8 35. Rxe7 Kf8 36. Ra7 f6 37. Ra8 (37. Nxe5 $142 fxe5 38. Ba4 Bf7 39. Ra8+ Ke7 40. Ra7+ Kf8 41. Ra8+ Ke7 42. Ra7+ Kf8) 37... Kf7 38. gxf6 (38. Nxe5+ $142 fxe5 39. Ba4 Bxa4 40. Rxa4 Ke8 41. Ra7 Kd8 42. Rg7 Kc8 43. Rxg6) 38... Kxf6 39. Rxe8 {White mates.} Ba1 40. Ra8 Bc3 41. Ra6 Be5 42. Ba4 g5 43. Bd7 g4 44. hxg4 hxg4 45. Bxg4 Bc3 46. Bh3 Be5 47. Ra8 Ke7 48. Rc8 Kf6 49. Rc6 Kg6 50. Ne1 Kg5 51. Kf3 Kh4 52. Bg2 Kg5 53. Nd3 Bd4 54. Nc1 Be5 55. Nb3 Bd4 56. Na5 Bc3 57. Nb7 Bb4 58. Nd8 {Accuracy: White = 34%, Black = 32%.} 1-0